Lenin a Stalin o ekonomice a politice tři studie

Guardado en:
Detalles Bibliográficos
Formato: Libro
Lenguaje:checo
Publicado: Praha Orbis 1950
Etiquetas: Agregar Etiqueta
Sin Etiquetas, Sea el primero en etiquetar este registro!

MARC

LEADER 00000nam a2200000 4500
001 0307597
005 20250312093251.7
041 0 |a cze 
044 |a CZ 
245 1 0 |a Lenin a Stalin o ekonomice a politice  |b tři studie 
264 1 |a Praha  |b Orbis  |c 1950